Prvá africká svetová vojna

Dianie okolo Iraku odsunulo nespočetné problémy Afriky do tradičného nezáujmu ostatného sveta. Stručná etnická charakteristika subsaharskej Afriky. Konflikty v oblasti Ituri. Afrika po páde komunizmu.

Gespeichert in:
Bibliographische Detailangaben
1. Verfasser: Mata, Santiago
Format: Buchkapitel
Sprache:Slowakisch
Schlagworte:
Tags: Tag hinzufügen
Keine Tags, Fügen Sie das erste Tag hinzu!

MARC

LEADER 00000naa a2200000 4500
001 r049249
005 20230908083830.0
041 0 |a slo 
044 |a SK 
245 1 0 |a Prvá africká svetová vojna  |c Santiago Mata 
520 |a Dianie okolo Iraku odsunulo nespočetné problémy Afriky do tradičného nezáujmu ostatného sveta. Stručná etnická charakteristika subsaharskej Afriky. Konflikty v oblasti Ituri. Afrika po páde komunizmu. 
610 2 0 |a politika hospodárska medzinárodná 
610 2 0 |a Afrika 
610 2 0 |a Subsahara 
610 2 0 |a konflikty medzinárodné 
610 2 0 |a menšiny národnostné 
610 2 0 |a chudoba 
100 1 |a Mata, Santiago